000 00934nam a22002777a 4500
001 5371
003 FISKH
005 20241128151553.0
008 241128b cb ||||| |||| 00| 0 eng d
020 _a9780531258293
040 _aFISKH
_beng
_cFISKH
_dFISKH
050 _aJK1898.W65
082 _a324.6
100 _aBenoit, Peter
245 _aWomen's right to vote :
_bBringing History to Life /
_cby Peter Benoit
260 _aNew York :
_bChildren's Press ;
_c2014 .
300 _a64 pages :
_bcolor illustrations, maps ;
_c24 cm .
490 _aCornerstones of Freedom
_vThird Series
505 _aZ
520 _aRead about the struggle for women's voting rights in the United States and learn how it has shaped our nation today.
521 8 _a950
_bLexile
521 8 _aZ
_bRaz-Plus
650 _aWomen- Suffirage- United States- History
_vJuvenile literature
942 _2ddc
_cBK
_n0
999 _c5371
_d5371